[Event "Saint Louis Rapid 2021"]
[Site "Saint Louis USA"]
[Date "2021.08.13"]
[Round "7.2"]
[White "Caruana, Fabiano"]
[Black "Rapport, Richard"]
[Result "0-1"]
[WhiteTitle "GM"]
[BlackTitle "GM"]
[WhiteElo "2806"]
[BlackElo "2763"]
[WhiteFideId "2020009"]
[BlackFideId "738590"]
[EventDate "2021.08.13"]

1. e4 c5 2. Nf3 e6 3. d4 cxd4 4. Nxd4 Nf6 5. Nc3 Nc6 6. Be2 Qc7 7. Ndb5 Qb8 8.
f4 d6 9. Be3 Be7 10. g4 Nd7 11. h4 O-O 12. g5 a6 13. Nd4 Nxd4 14. Qxd4 b5 15. a3
Bb7 16. O-O-O Nc5 17. f5 e5 18. Qd2 Nxe4 19. Nxe4 Bxe4 20. f6 Bd8 21. fxg7 Re8
22. Rhf1 Bb6 23. h5 Rc8 24. Bd3 Bxd3 25. Qxd3 Bxe3+ 26. Qxe3 Qc7 27. Qf2 e4 28.
c3 Qe7 29. Qf6 Re8 30. Rxd6 e3 31. Re1 e2 32. h6 Qe3+ 33. Rd2 Re6 34. Rxe2 Qxe2
35. Rxe2 Rxe2 36. Qc6 Ree8 37. Kc2 Rec8 38. Qf3 Ra7 39. Kb3 Re7 40. a4 Re6 41.
axb5 axb5 42. Qb7 Ree8 43. Kb4 Rb8 44. Qf3 Re6 45. b3 Rg6 46. Qf5 Re6 47. Qd5
Rg6 48. Qe5 Rgb6 49. Ka5 b4 50. cxb4 Rxb4 51. Qd5 Rxb3 52. g6 Ra3# 0-1